000 00566nam a2200193 a 4500
005 20140310183318.0
008 060104s19uu xx 00 eng d
020 _a97193266093
050 _aHD 1375
_b.M433 2005
100 _aMatias, Nick Alfonso
245 _aTips on and traps in training /
_cNick Alfonso Matias.
260 _aPasig City, Philippines :
_bMattisons Publishing House,
_c2005.
300 _a90 p. :
_bill. ;
_c21 cm.
521 _aBSBA
650 _aTraining.
650 _aTraining and development.
942 _cBK
_2lcc
_kLOC
999 _c21327
_d21327